000 00594nam a2200217Ia 4500
005 20241129104139.0
008 241129s9999||||xx |||||||||||||| ||und||
020 _a9780300251685
037 _aTextual
040 _aRTL
_beng
_cRTL
041 _aeng
_2eng
084 _aX:(B28) R1
_qRTL
100 _aCunningham Scott
_9696902
245 0 _aCausal inference: The mixtape
_cCunningham Scott
260 _aLondon
_bYale University Press
_c2021
300 _ax,572p.
365 _aINR
_b2919
650 _aEconomics
942 _cTB
_hX:(B28) R1
999 _c1224622
_d1224622